LIBRARY ONLINE CATALOGUE

Is death penalty justifiable? / (Record no. 15482)

MARC details
000 -LEADER
fixed length control field 00456cam a22001692 4500
001 - CONTROL NUMBER
control field 0000024638
005 - DATE AND TIME OF LATEST TRANSACTION
control field 20151217161644.0
008 - FIXED-LENGTH DATA ELEMENTS--GENERAL INFORMATION
fixed length control field 140123s xx 000 0 eng d
040 ## - CATALOGING SOURCE
Original cataloging agency KABU
Transcribing agency KABU
100 1# - MAIN ENTRY--PERSONAL NAME
Personal name Kemunto, Machage Nancy.
-- 0000185023
245 10 - TITLE STATEMENT
Title Is death penalty justifiable? /
Statement of responsibility, etc. Machage Nancy Kemunto.
260 ## - PUBLICATION, DISTRIBUTION, ETC. (IMPRINT)
Date of publication, distribution, etc. 2012.
300 ## - PHYSICAL DESCRIPTION
Extent xiii, 38 leaves.
908 ## - PUT COMMAND PARAMETER (RLIN)
Put command parameter 140123
950 ## - LOCAL HOLDINGS (RLIN)
-- 1
Holdings
Withdrawn status Lost status Source of classification or shelving scheme Not for loan Home library Current library Date acquired Total Checkouts Full call number Barcode Date last seen Price effective from Koha item type
    Library of Congress Classification   Kabarak, Main Campus Kabarak, Main Campus 17/12/2015   Law PRO8 17/12/2015 17/12/2015 Thesis, Dissertation and Projecs